000 00307 a2200145 4500
001 153365
040 _cEscola São Tomás de Aquino
100 _aPAES, José Paulo
240 1 0 _aPoesias
_lpor
245 1 0 _aPoesias
362 0 _a2012
440 1 _aÁtica
697 _a*LITERATURA JUVENIL
942 _cBK
999 _c153365
_d153365